Új üzemcsarnok

Elmentve itt :
Bibliográfiai részletek
Szerző: Somogyi Károlyné
Dokumentumtípus: Cikk
Megjelent: 1982-02-10
Sorozat:Délmagyarország 72 No. 34
Kulcsszavak:Ikarus
Online Access:http://dmarchiv.bibl.u-szeged.hu/107058
LEADER 00436nab a2200157 i 4500
001 delm107058
005 20190625092844.0
008 190625s1982 hu o 0|| hun d
040 |a SZTE Délmagyarország Archívum  |b hun 
041 |a hun 
100 1 |a Somogyi Károlyné 
245 1 0 |a Új üzemcsarnok  |h [elektronikus dokumentum] /  |c  Somogyi Károlyné 
260 |c 1982-02-10 
300 |a 8 
490 0 |a Délmagyarország  |v 72 No. 34 
695 |a Ikarus